000
00395nam a22001097a 4500
082
_a
900
100
_a
निर्मलेन्दु,कुमार
_9
81869
245
_a
कश्मीर : इतिहास और परम्परा
260
_a
प्रयागराज
_b
लोकभारती प्रकाशन
_c
2022
650
_a
इतिहास
942
_c
HIN
999
_c
66054
_d
66054